000 00718nam a2200289Ia 4500
005 20260324144845.0
008 008 260324s9999 xx 000 0 eng d
020 _a9781315826172
037 _aEBOOK
040 _aCRL
040 _beng
040 _cCRL
041 _2eng
041 _aeng
084 _qCRL
100 _aKarol L Kumpfer; Mary Frank; Stephanie Griswold-Ezekoye
_91220864
245 0 _aChildhood and Chemical Abuse
245 0 _bPrevention and Intervention
260 _bTaylor and Francis
260 _c1986
365 _a
365 _b40.99
856 _uhttp://www.taylorfrancis.com/books/9781315826172
942 _cEBOOK
999 _c1828011
_d1828011